| 000 | 00877nam a2200229Ia 4500 | ||
|---|---|---|---|
| 001 | 9049 | ||
| 003 | GE_BSU | ||
| 008 | 181216s||||||||xx |||||||||||||| ||und|| | ||
| 040 | _cGE_BSU | ||
| 080 | _a821.353.1-31 | ||
| 100 | _aკლდიაშვილი,სერგო | ||
| 245 | _aთხზულებათა კრებული ოთხ ტომად. ტომი პირველი | ||
| 245 | _bტომი პირველი:მყუდრო სავანე:რომანი | ||
| 245 | _cრედ:ნ.კანდელაკი;მხატვ:გ.კალაძე | ||
| 260 | _aთბილისი. | ||
| 260 | _bსაბჭ.საქართველო | ||
| 260 | _c1971 | ||
| 300 | _a448გვ;1ფ.პორტ;22სმ. | ||
| 653 | _aმყუდრო სავანე | ||
| 653 | _aრომანი | ||
| 942 | _cBK | ||
| 999 |
_c42353 _d42353 |
||